Statistics for Country Nicknames

Click here to take the quiz!

General Stats

  • This quiz has been taken 868 times
  • The average score is 14 of 25

Answer Stats

NicknameCountry% Correct
The BootItaly
96%
India's TeardropSri Lanka
93%
The Land Of The Rising SunJapan
92%
Uncle SamUSA
90%
The Holy LandIsrael
87%
The Gift Of The NileEgypt
85%
Land Of The IncasPeru
84%
The Red DragonChina
83%
The Great White NorthCanada
80%
Land Down UnderAustralia
77%
Land Of Fire And IceIceland
69%
The Emerald IsleIreland
68%
Graveyard Of EmpiresAfghanistan
50%
The Bread Basket Of EuropeUkraine
45%
Land Of A Thousand LakesFinland
43%
Rainbow NationSouth Africa
42%
The Sunny Side Of The AlpsSlovenia
35%
The Hermit KingdomNorth Korea
32%
The Pearl Of The Orient SeasPhilippines
26%
Land Of The Thunder DragonBhutan
23%
Land Of The Long White CloudNew Zealand
18%
The Red IslandMadagascar
17%
Land Of The Morning CalmSouth Korea
9%
The Kingdom In The SkyLesotho
7%
The Island Surrounded By LandParaguay
6%

Score Distribution

Percentile by Number Answered

Percent of People with Each Score

Your Score History

You have not taken this quiz